000 00814cab a2200193 4500
001 WB2343-33
008 090401t1987 xxu||||| |||| 00| 0 eng d
035 _a(Sirsi) u39152
041 _aeng
245 _aProfessional indemnity study
260 _c1987
350 _a0
490 _aDaily Telegraph
_v29/10/87 p4 Financial Times 29/10/87 p8
520 _aThe Government is to commission a series of studies into the problems faced by three groups of professions: auditors; architects , consulting engineers and construction surveyors and other surveyors, including land and mining surveyors, in obtaining adequate indemnity insurance against negligence claims.
650 _aABOUT RICS-RICS MEMBERS
690 _aMANAGEMENT-BUSINESS MANAGEMENT-PROFESSIONAL PRACTICE
942 _n0
948 _c04/03/1997
999 _c25118
_d25118